000 00724nam a2200169 a 4500
008 180209s2016 ||||||||||||||||| || u
050 _aCBU-PG THESIS/KAP
100 _aKapompole, Ferdinand
245 1 0 _aConceptual difficulties in algebra faced by pupils at grade 11 level in selected secondary schools of Solwezi District
_cby Ferdinand, Kapompelo
260 _aKitwe:
_c2016
300 _axv, 109p.: ill.
500 _aIncludes References
650 _aALGEBRA--STUDY AND TEACHING
650 0 _aALGEBRA
650 _aALGEBRA--PROBLEMS, EXERCISES, ETC
995 _FCBU-MAIN LIBRARY (Kitwe)
_M1
_UAVAILABLE
_WFeb 9, 2018
_XCopperbelt University
_ZUniversity Collection
999 _c38344
_d38344